000 00594nam a2200181Ia 4500
008 100920s9999 xx 000 0 und d
082 _b96748
_a--- न 05
100 _aहरकारे अरूण.
245 _aकीर्तिवंत राजा.
260 _bसावली प्रकाशन,पुणे.
_c2005
300 _a312
_bसाधी
365 _b300
520 _aकादंबरी.
630 _aकीर्तिवंत राजा.
650 _aकादंबरी.
730 _aकीर्तिवंत राजा.
942 _cBOOK
999 _c737187
_d737184